| 000 | 01109nam a2200241 a 4500 | ||
|---|---|---|---|
| 001 | 000048973 | ||
| 005 | 20240316073906.0 | ||
| 008 | 100921s2018 dr a 001 0 spa d | ||
| 040 |
_aDO-SdBNP _bspa _cBNPHU |
||
| 082 |
_a917.293 _bS194i, 2018 |
||
| 100 | 1 |
_aSánchez Valverde Ocaña, Antonio _d1729-1790 _976400 |
|
| 245 | 1 | 0 |
_aIdea del valor de la isla Española : _by utilidades que de ella puede sacar su Monarquía / _cAntonio Sánchez Valver de Ocaña, ; prólogo Marcio Veloz Maggiolo. |
| 260 |
_aSanto Domingo , República Dominicana : _bMinisterio de Cultura, _c2018. |
||
| 300 |
_a279 p. ; _c24 cm. |
||
| 490 | 1 |
_aBiblioteca dominicana básica _aensayo _v13 |
|
| 500 | _aIncluye referencias bibligráficas y notas al pie de las páginas | ||
| 500 | _aIncluye datos biográficos del autor en la solapa de la cubierta | ||
| 590 | _aInventariado, 2019/VM | ||
| 651 | 4 |
_aRepública Dominicana _xDescripciones Y Viajes _91651 |
|
| 651 | 4 |
_aRepública Dominicana _xHistoria _9170 |
|
| 700 | 1 |
_aVeloz Maggiolo, Marcio, _d1936-2021 _epról. _91104 |
|
| 830 | 0 |
_aBiblioteca Dominicana básica _pensayo _n13 _976401 |
|
| 999 |
_c48461 _d48461 |
||